LEADER 01154nam a2200289 i 4500 001 000000164694 003 CaOOAMICUS 005 20240521144624.0 008 070924s1979 fr u000 u fre u 020 $a2-13-036068-8 040 $aSeMil$bita 100 1 $aLafitte-Houssat, Jacques.$0(OLS)http://semarc/name/62216 245 10$aTroubadours et cours d'amour /$cJacques Lafitte-Houssat. 250 $aCinquième èdition. 264 1$aParis :$bPUF,$c1979. 300 $a124 p. ;$c18 cm. 490 1 $aQue sais-je? : collection encyclopédique ;$v422 650 4$aLetteratura francese - Storia - Medioevo.$0(OLS)http://semarc/subject/5530 650 4$aTrovatori.$0(OLS)http://semarc/subject/30497 830 0$aQue sais-je? ;$v422.$0(OLS)http://semarc/title/19846 850 $aSeMil 852 $aSeMil$W1$xVenegono$y1$m1R I 142$j248409$B115923$CSeMilBibl$Z2$F126746 $81 961 $aRecupero: Altro 996 $6020$a2-13-036068-8$9(OLS)http://semarc/number/150983 996 $6245$aTroubadours et cours d'amour$9(OLS)http://semarc/title/235004 996 $6264$aParis :$bPUF$9(OLS)http://semarc/publisher/30045 LEADER 01254nam a2200253 i 4500 001 000000187957 003 CaOOAMICUS 005 20141223000000.0 008 141223s1963 it u000 u ita u 013 $a166081 040 $aSeMil$bita 245 12$aI benefattori dell'Ospedale Maggiore di Milano nel biennio 25 marzo 1937-25 marzo 1939 e i nuovi ritratti /$ca cura di Salvatore Spinelli ; prefazione di Riccardo Bacchelli. 260 $aMilano :$b[s.n.],$c1963. 300 $a92 p. :$bill. ;$c25 cm. 500 $aIn testa al front. : Consiglio degli istituti ospedalieri di Milano. - Fondo card. Giovanni Colombo. 650 4$aMilano - Ospedale Maggiore (Cà Granda).$0(OLS)http://semarc/subject/6012 700 1 $aBacchelli, Riccardo,$d<1891-1985>.$0(OLS)http://semarc/name/1548 700 1 $aSpinelli, Salvatore.$0(OLS)http://semarc/name/25064 850 $aSeMil 852 $aSeMil$W1$xVenegono$y1$m3GC VII 87$j138636$B138636$CSeMilBibl$Z2$F150131 $8B 941 1 $a3 961 $aLascito: Colombo Card. Giovanni 996 $6245$aI benefattori dell'Ospedale Maggiore di Milano nel biennio 25 marzo 1937-25 marzo 1939 e i nuovi ritratti$9(OLS)http://semarc/title/270432 996 $6260$aMilano :$b[s.n.]$9(OLS)http://semarc/publisher/29709